Temple for gods Bayon : (Record no. 6660)
[ view plain ]
| 000 -LEADER | |
|---|---|
| fixed length control field | 01002nam a22002177a 4500 |
| 001 - CONTROL NUMBER | |
| control field | 6660 |
| 003 - CONTROL NUMBER IDENTIFIER | |
| control field | FISKH |
| 005 - DATE AND TIME OF LATEST TRANSACTION | |
| control field | 20250520153112.0 |
| 008 - FIXED-LENGTH DATA ELEMENTS--GENERAL INFORMATION | |
| fixed length control field | 250519b cb ||||| |||| 00| 0 eng d |
| 040 ## - CATALOGING SOURCE | |
| Original cataloging agency | FISKH |
| Language of cataloging | eng |
| Transcribing agency | FISKH |
| Modifying agency | FISKH |
| 082 ## - DEWEY DECIMAL CLASSIFICATION NUMBER | |
| Classification number | 900 |
| 100 ## - MAIN ENTRY--PERSONAL NAME | |
| Personal name | Takeshi, Nakagawa |
| 245 ## - TITLE STATEMENT | |
| Title | Temple for gods Bayon : |
| Remainder of title | Bayon information center / |
| Statement of responsibility, etc. | Nakagawa Takeshi |
| 260 ## - PUBLICATION, DISTRIBUTION, ETC. | |
| Place of publication, distribution, etc. | Tokyo : |
| Name of publisher, distributor, etc. | Japanese Government Team , |
| Date of publication, distribution, etc. | 2009. |
| 300 ## - PHYSICAL DESCRIPTION | |
| Extent | 65 pages : |
| Other physical details | color illustrations, maps ; |
| Dimensions | 20*20 cm . |
| 520 ## - SUMMARY, ETC. | |
| Summary, etc. | "Temple for Gods Bayon" is a captivating story that explores the rich history and cultural significance of the Bayon Temple, one of Cambodia's most iconic and revered monuments. The book delves into the architectural grandeur, intricate carvings, and spiritual symbolism of the Bayon, which is famous for its multitude of serene faces that symbolize compassion and wisdom. |
| 650 ## - SUBJECT ADDED ENTRY--TOPICAL TERM | |
| Topical term or geographic name entry element | Temples |
| Form subdivision | Non-fiction |
| 700 ## - ADDED ENTRY--PERSONAL NAME | |
| Personal name | Ichita, Shimoda |
| Relator term | Director |
| 942 ## - ADDED ENTRY ELEMENTS (KOHA) | |
| Source of classification or shelving scheme | Dewey Decimal Classification |
| Koha item type | Books |
| Suppress in OPAC | No |
| Withdrawn status | Lost status | Source of classification or shelving scheme | Damaged status | Not for loan | Collection | Home library | Current library | Shelving location | Date acquired | Total Checkouts | Full call number | Barcode | Date last seen | Price effective from | Koha item type |
|---|---|---|---|---|---|---|---|---|---|---|---|---|---|---|---|
| Dewey Decimal Classification | Non-Fiction | Footprints International School Library Network Toul Tom Poung Campus | Footprints International School Library Network Toul Tom Poung Campus | TTP Secondary Non-Fiction Bookshelves | 05/19/2025 | HIR 900 | FISSE03289 | 05/19/2025 | 05/19/2025 | Books |
